Komentár k novelizácii zákona č. 431/2002 Z.z. o účtovníctve

Salvato in:
Dettagli Bibliografici
Autore principale: Baštincová, Anna
Natura: Capitolo di libro
Lingua:slovacco
Tags: Aggiungi Tag
Nessun Tag, puoi essere il primo ad aggiungerne!!

MARC

LEADER 00000naa$a2200000$$$4500
001 0067363
005 20240502071816.8
041 0 |a slo 
044 |a SK 
245 1 0 |a Komentár k novelizácii zákona č. 431/2002 Z.z. o účtovníctve  |c Anna Baštincová 
100 1 |a Baštincová, Anna